| 000 | 00767cab a2200217 4500 | ||
|---|---|---|---|
| 001 | ABS43681 | ||
| 008 | 090401t1990 xxu||||| |||| 00| 0 eng d | ||
| 035 | _a(Sirsi) u42960 | ||
| 041 | _aeng | ||
| 100 | _aChevin, D. | ||
| 245 | _aRate collector | ||
| 260 | _c1990 | ||
| 350 | _a0 | ||
| 490 |
_aBuilding _v255 (7672) 9 November 1990, 71 (1) |
||
| 520 | _aQuantity surveyor Building Design Partnership has designed its own database based on the Wessex estimating package compiled from information on more than 1000 completed projects which will help to produce initial cost analyses for new projects. | ||
| 650 | _aCOMPUTERS | ||
| 650 | _aESTIMATING | ||
| 690 | _aMANAGEMENT-BUSINESS MANAGEMENT-INFORMATION MANAGEMENT | ||
| 942 | _n0 | ||
| 948 | _c04/03/1997 | ||
| 999 |
_c27474 _d27474 |
||